Á lódáil...

Approach to the study of the quran

Sonraí Bibleagrafaíochta
Príomhúdar: Jung,Nizamat
Formáid: Printed Book
Foilsithe: Kitab Bhavan New Delhi 1939
Ábhair:
LEADER 00450nam a2200157 4500
082 |a 297.12 JUN-A 
100 |a Jung,Nizamat 
245 |a Approach to the study of the quran  |c Jung,Nizamat 
250
260 |a Kitab Bhavan New Delhi  |c 1939 
300
490
650 |a Koran and Hadith 
942 |c BK 
999 |c 186394  |d 186394 
952 |0 0  |1 0  |4 0  |6 297_120000000000000_JUNA  |7 0  |9 199743  |a ISL  |b ISL  |l 0  |o 297.12 JUN-A  |p ISL00299  |r 2019-10-28  |w 2019-10-28  |y BK